Statistics for Clothes vocabulary Spanish

Click here to take the quiz!

General Stats

  • This quiz has been taken 17 times
  • The average score is 5 of 21

Answer Stats

HintAnswer% Correct
clothingla ropa
86%
shirtla camisa
57%
dressel vestido
50%
blousela blusa
50%
skirtla falda
50%
to wear / to carry (lit. to use)usar
43%
t-shirtla camiseta
36%
jacketla chaqueta
36%
shoeslos zapatos
29%
coatel abrigo
21%
beltel cinturon
21%
trousersel pantalon
21%
to wearllevar
14%
neck tiela corbata
7%
bow tieel lazo
0%
suitel traje
0%
cap (baseball cap)la gorra
0%
underwearla ropa interior
0%
sockslos calcetines
0%
tennis shoeslos tennis
0%
pair of tennis shoesun par de tenis
0%

Score Distribution

Percentile by Number Answered

Percent of People with Each Score

Your Score History

You have not taken this quiz